| 000 | 00945nam a2200241 i 4500 | ||
|---|---|---|---|
| 001 | 66528 | ||
| 003 | ES-MaACL | ||
| 005 | 20251114131552.0 | ||
| 007 | t| | ||
| 008 | 040301s2001 sp ||||1| spa d | ||
| 080 | _a75Barros, Tomás(064) | ||
| 100 | 1 |
_aBarros, Tomás ( _d1922-1986) _926051 |
|
| 245 | 1 | 0 |
_aResmas e lenzos _b: Tomás Barros (1922-1986) : exposición antolóxica, Centro Cultural Torrente Ballester, Ferrol / _c[textos, Luis Alonso Girgado ...et al.]. |
| 260 |
_a[Ferrol : _bs.n., _c2001] ( _eA Coruña : _fImprenta Provincial) |
||
| 300 |
_a72 p., 16 h. de lám. : _bil. ; _c30 cm. |
||
| 600 | 1 | 4 |
_aBarros, Tomás ( _d1922-1986)- _vExposiciones. _926052 |
| 650 | 4 |
_aPintura española- _yS.XX- _vExposiciones. _916043 |
|
| 655 | 7 |
_2tgfbne _9193628 _aCatálogos de exposiciones |
|
| 700 | 1 |
_aAlonso Girgado, Luis, _d1946- _920332 |
|
| 852 |
_aES-MaACL _jL-26986 _bR.132632 |
||
| 942 | _2udc | ||
| 999 |
_c66528 _d66528 |
||